| 000 | 01079nam a2200265Ia 4500 | ||
|---|---|---|---|
| 003 | OSt | ||
| 005 | 20200819105539.0 | ||
| 008 | 191128s1994 wauad gr 000 0dspa d | ||
| 020 | _a821328441 | ||
| 040 |
_aCo-JMCR _cCo-JMCR |
||
| 041 | 1 |
_aspa _heng |
|
| 082 | 0 | 4 |
_a368.3 / _bB155e _223 |
| 110 | 1 |
_aBanco Mundial _95980 |
|
| 245 | 1 | 0 |
_aEnvejecimiento Sin Crisis : _bPolíticas para la Protección de los Ancianos y la Promoción del Crecimiento / _cBanco Mundial |
| 250 | _aPrimera edición | ||
| 260 |
_aWashington : _bBanco Mundial, _c1994. |
||
| 300 |
_axxiv, 457 páginas : _bgráficos a color ; _c24 cm. |
||
| 504 | _aBibliografía : páginas 429-452. | ||
| 505 | 0 | _aPanorama general -- Avanzado en edad -- Sistemas informales -- Elecciones en las políticas sobre sistemas formales -- Los planes públicos de pensiones -- Los planes de pensiones ocupasionales | |
| 534 | _pAverting the Old Age Crisis | ||
| 546 | _aTraducido del íngles | ||
| 650 | 2 | 4 |
_aSeguridad económica en la vejez _98902 |
| 650 | 2 | 4 |
_aEnvejecimiento de la población _98903 |
| 942 |
_2ddc _cBK |
||
| 999 |
_c6007 _d6007 |
||